000 00619nam a2200217 i 4500
001 130624
003 ES-MaACL
005 20250804062745.0
007 t|
008 070802s1982 fr ||||1| fre d
020 _a2-70732-0631-2
100 1 _aZaslawsky, Denis.
_9118097
245 1 0 _aAnalyse de l'ĂȘtre
_b: essai de philosophie analytique /
_cDenis Zaslawsky.
260 _aParis :
_bMinuit,
_c[1982]
300 _a194 p. ;
_c22 cm.
490 1 _aPropositions
650 1 7 _aFilosofĂ­a
_2embne
_912802
830 0 _aPropositions
_9177824
852 _aES-MaACL
_jL-11904
_bR.113494
999 _c130624
_d130624